Compléter le titre des musiques - Statistiques

Statistiques générales
  • Ce quiz a été pris 472 fois
    219 depuis la dernière actualisation
  • Le résultat moyen est 7 sur 12
Statistiques - réponses
Chanteur Trou à compléter % Correct
Céline Dion Pour que tu m'aimes {encore}
98%
M Qui de nous {deux} ?
93%
Tal Le {sens} de la vie
88%
Jean-Jacques Goldman Je marche {Seul}
81%
France Gall poupée de {cire}, poupée de {son}
81%
Zazie Rue de la {paix}
70%
Johnny Hallyday L'{envie}
61%
Alain Souchon J'ai {dix} ans
51%
Michel Berger {Diego} libre dans sa tête
50%
Etienne Daho Week-end à {Rome}
44%
Grand Corps Malade Roméo {kiffe} Juliette
14%
Thierry Hazard Les {brouillards} de Londres
4%
Aucun quiz correspondant
Distribution des résultats
% des personnes avec chaque résultat
Percentile par nombre de réponses
Votre historique - résultats
Vous n’avez pas pris ce quiz depuis la dernière actualisation